000 00470nam a2200157 a 4500
001 000039975
005 20201002033837.0
008 130801s1967 xxuab 000 0 spa d
040 _aDO-SdBNP
_bspa
_cBNPHU
100 1 _aNorton Leonard, Jonathan
_966196
245 1 0 _aAncient America /
_cJonathan Norton Leonard.
260 _aNew York :
_bTime Life,
_c1967.
300 _a192 p. :
_bil., maps. ;
_c28 cm.
490 1 _aGreat age of man
830 0 _aGreat age of man
_966197
999 _c39465
_d39465